000 00585nam a22002057a 4500
999 _c35011
_d35011
003 OSt
005 20220422174818.0
008 220422b ||||| |||| 00| 0 spa d
020 _a978-950-507-846-2
040 _cBiblioteca Ernesto Sábato
092 _a616.863
_bY26
_eJLS
100 _aYaría, Juan Alberto
245 _aDefault de la sociedad argentina
_b: drogadependencia, alcoholismo juvenil, violencia y desamparos masivos
250 _a1a. ed.
260 _aBuenos Aires
_bBonum
_c2008
300 _a94 p.
650 _aADICCIONES
650 _a/JLS/
942 _2ddc
_cJLS